| 000 | 00575nam a2200193Ia 4500 | ||
|---|---|---|---|
| 003 | GCL | ||
| 008 | 140319s9999 xx 000 0 ara d | ||
| 040 |
_aGCL / _cGCL |
||
| 082 | 0 | 4 |
_a415.1 _bب ك |
| 100 | 1 | _aمحمد احمد الدالى | |
| 245 | 1 | 0 |
_aكشف المشكلات وايضاح المعضلات / _cمحمد احمد الدالى |
| 700 | 1 | _aالباقولى , ابى الحسن على بن | |
| 300 | _aمتعدد | ||
| 490 | _a | ||
| 650 | 0 | 4 | _aالنحو |
| 650 | 0 | 4 | _aاعراب القرأن |
| 650 | 0 | 4 | _aالقران - الفاظ |
| 942 |
_2ddc _cBK |
||
| 999 |
_c44801 _d44801 |
||